000 00892nam a2200217Ia 4500
001 5536
003 GE_BSU
008 181216s||||||||xx |||||||||||||| ||und||
040 _cGE_BSU
080 _a658.512:724.4
100 _aბიჭიაშვილი,ჯ.
245 _aსამრეწველო ობიექტის კალენდარული დაგეგმვა და ვარიანტული გაანგარიშების მაგალითები.ნაწ.1
245 _bდამხმ. სახელმძღ.
245 _cრედ. ლ.გიორგაძე.
260 _aთბილისი
260 _bსპი.
260 _c1979.
300 _a103გვ; 20სმ.
653 _aსამრეწველო ობიექტის კალენდარული დაგეგმვა.
942 _cBK
999 _c39025
_d39025